00414nam a2200157Ia 4500003000400000005001700004008004100021020001500062040000900077082001900086100001500105245005100120260004800171300000900219650002800228OSt20201023115150.0190216s9999||||xx |||||||||||||| ||und|| a0195623142 coclc a923.654bNIG/T aNigam, V G 4aThe Tribal World Of Verrior Elwin /cV G Nigam bOxford University Press,c1988.aNew Delhi: a356p aEnglish Novel-Biography